000 00429nam a22001697a 4500
005 20160527122001.0
008 160527b xxu||||| |||| 00| 0 eng d
020 _a978-0-07-066703-7
041 _aeng
082 _b5521
100 _aBowerrox, Donald J & others
_91386
245 _aSupply Chain Logistics Management
260 _aNew Delhi
_bAcademic Faundation
300 _a398
650 _aManagement
_9241
942 _cBK
999 _c1963
_d1962